Statistics for 2005 Lions Tour to New Zealand - All Tryscorers in the test series

Click here to take the quiz!

General Stats

  • This quiz has been taken 71 times
  • The average score is 6 of 11

Answer Stats

Try Scorer% Correct
Daniel Carter (x2)
95%
Tana Umaga
84%
Tana Umaga(x2)
84%
Richard McCaw
76%
Ali Williams
70%
SItiveni Sivivatu
67%
Gareth Thomas
57%
Conrad Smith
51%
Rico Gear
38%
Lewis Moody
11%
Simon Easterby
10%

Score Distribution

Percentile by Number Answered

Percent of People with Each Score

Your Score History

You have not taken this quiz